| Record ID | marc_records_scriblio_net/part07.dat:156144980:712 |
| Source | Scriblio |
| Download Link | /show-records/marc_records_scriblio_net/part07.dat:156144980:712?format=raw |
LEADER: 00712cam 22002171 4500
001 73213364
003 DLC
005 20050814160703.0
008 790710s1961 pn b 000 0 spa
010 $a 73213364
035 $a(OCoLC)5153450
040 $aDLC$cKU$dDLC
042 $apremarc
050 00 $aPQ7520$b.M4 1961
100 2 $aMéndez Pereira, Octavio,$d1887-1954.
245 10 $aCuaderno de literatura panameña (guía antológica) 1501-1671.
260 $a[Panamá]$bUniversidad de Panamá, Oficina de Información y Publicaciones,$c1961.
300 $a82 p.$c23 cm.
504 $aIncludes bibliographical references.
650 0 $aPanamanian literature$xHistory and criticism.
650 0 $aPanamanian literature.